[Event "OP-2010-0-01093"]
[Site "LSS email"]
[Date "2010.02.25"]
[Round "?"]
[White "Koekenbier, Joost"]
[Black "Shelykalin, Vjacheslav"]
[Result "0-1"]
[WhiteElo "800"]
[BlackElo "1752"]
[PlyCount "34"]
[EventDate "2010.02.18"]
[EventType "tourn (corr)"]
[EventRounds "4"]
[EventCountry "GER"]
[SourceTitle "Corr 2015"]
[Source "ChessBase"]
[SourceDate "2015.07.17"]
[SourceVersion "1"]
[SourceVersionDate "2015.07.17"]
[SourceQuality "1"]

1. d4 Nf6 2. e3 g6 3. Qf3 d5 4. Bd3 Nc6 5. b3 e5 6. c4 e4 7. Qe2 exd3 8. Qxd3 Bf5 9. e4 Bxe4 10. Qc3 Bb4 11. Qxb4 Nxb4 12. Kd1 Bxg2 13. Bd2 dxc4 14. Bxb4 Qxd4+ 15. Ke2 Qd3+ 16. Ke1 0-0-0 17. Nc3 Qf1# 0-1

[Event "OP-2010-0-01092"]
[Site "LSS email"]
[Date "2010.02.23"]
[Round "?"]
[White "Wakil, Masih"]
[Black "Koekenbier, Joost"]
[Result "1-0"]
[WhiteElo "902"]
[BlackElo "800"]
[PlyCount "83"]
[EventDate "2010.02.17"]
[EventType "tourn (corr)"]
[EventRounds "4"]
[EventCountry "GER"]
[SourceTitle "Telechess CBM 141"]
[Source "ChessBase"]
[SourceDate "2011.03.17"]
[SourceVersion "1"]
[SourceVersionDate "2011.03.17"]
[SourceQuality "1"]

1. e4 e5 2. f4 Qf6 3. Nf3 d6 4. Bc4 Qxf4 5. d3 Qf6 6. Bg5 Qg6 7. h4 h6 8. Be3 Qg3+ 9. Kf1 Bd7 10. Qe2 Be7 11. Bf2 Qf4 12. Nc3 Na6 13. Nd5 Qg4 14. Bxa6 bxa6 15. Nxc7+ Kd8 16. Nxa8 Nf6 17. Qe3 Bc8 18. Qxa7 Qd7 19. Qxd7+ Kxd7 20. Nb6+ Kc7 21. Nxc8 Rxc8 22. Ke2 Ng4 23. c4 Kd8 24. b4 f6 25. a4 Ra8 26. b5 g5 27. hxg5 fxg5 28. b6 Nf6 29. Rxh6 Nd7 30. Rh8+ Bf8 31. a5 g4 32. Ng5 Ke8 33. d4 exd4 34. Bxd4 Rc8 35. Kd3 Rc6 36. Rah1 Ke7 37. R1h7+ Ke8 38. Ne6 d5 39. exd5 Rd6 40. Ke4 Nf6+ 41. Bxf6 Rd7 42. Rxf8# 1-0